La Renaissance : (Rekord nr 26980)
| 000 -Nagłówek | |
|---|---|
| fixed length control field | 01428cam a2200397 i 4500 |
| 001 - Nr kontrolny bibl., która utworzyła rek. | |
| control field | xx003016400 |
| 003 - Siglum bibl., której nr kontr. jest w 001 | |
| control field | NUKAT |
| 005 - Data i czas ostatniej operacji | |
| control field | 20260312212225.0 |
| 008 - Elementy pola stałej długości | |
| fixed length control field | 140203s1906 fr g |000 1 fre c |
| 035 ## - Systemowy numer kontrolny | |
| systemowy numer kontrolny | (OCoLC)869965133 |
| 035 ## - Systemowy numer kontrolny | |
| systemowy numer kontrolny | (NUKAT)xx003016400 |
| 040 ## - Instytucja sporządzająca opis | |
| Instytucja, która sporządziła opis | GD PAN/AKW |
| Instytucja, która sporządziła rekord | GD PAN/AKWs |
| 100 1# - Hasło główne-nazwa osobowa | |
| Nazwa osobowa | Gobineau, Arthur de |
| Daty biograficzne | (1816-1882). |
| 9 (RLIN) | 37979 |
| 245 13 - Tytuł właściwy i oznaczenie odpow. | |
| tytuł | La Renaissance : |
| dodatek do tytułu | Savonarole, César Borgia, Jules II, Léon X, Michel-Ange : scène historiques / |
| dod. inf. ze s. tyt./ozn. odpow. | par Le comte de Gobineau. |
| 250 ## - Oznaczenie wydania | |
| oznaczenie wydania | 3 éd. |
| 260 ## - Adres wydawniczy | |
| miejsce wydania, dystrybucji itp. | Paris : |
| nazwa wydawcy, dystrybutora itp. | Plon-Nourrit et Cie, |
| data wydania, dystrybucji itp. | 1906. |
| 300 ## - Opis fizyczny | |
| objętość i/lub forma materiału | 566, [1] s. ; |
| format | 20 cm. |
| 336 ## - Content Type | |
| Term | Tekst |
| Code | txt |
| Source | rdacontent |
| 337 ## - Media Type | |
| Term | Bez urządzenia pośredniczącego |
| Code | n |
| Source | rdamedia |
| 338 ## - Carrier Type | |
| Term | Wolumin |
| Code | nc |
| Source | rdacarrier |
| 380 ## - Form of work | |
| Form of work | Książki |
| 600 17 - Hasło przedmiotowe-nazwa osobowa | |
| nazwa osobowa | Savonarola, Girolamo |
| daty biograficzne | (1452-1498). |
| źródło hasła | kaba |
| 9 (RLIN) | 37974 |
| 600 17 - Hasło przedmiotowe-nazwa osobowa | |
| nazwa osobowa | Borgia, Cesare |
| daty biograficzne | (około 1475-1507). |
| źródło hasła | kaba |
| 9 (RLIN) | 37975 |
| 600 07 - Hasło przedmiotowe-nazwa osobowa | |
| nazwa osobowa | Juliusz |
| numeracja | II |
| tyt., in. dopowiedz. dot. nazwy | (papież ; |
| daty biograficzne | 1443-1513). |
| źródło hasła | kaba |
| 9 (RLIN) | 37976 |
| 600 07 - Hasło przedmiotowe-nazwa osobowa | |
| nazwa osobowa | Leon |
| numeracja | X |
| tyt., in. dopowiedz. dot. nazwy | (papież ; |
| daty biograficzne | 1475-1521). |
| źródło hasła | kaba |
| 9 (RLIN) | 37977 |
| 600 14 - Hasło przedmiotowe-nazwa osobowa | |
| nazwa osobowa | Buonarroti, Michelangelo |
| daty biograficzne | (1475-1564). |
| źródło hasła | kaba |
| 9 (RLIN) | 16897 |
| 650 #7 - Hasło przedmiotowe-nazwa pospolita | |
| nazwa pospolita lub geogr. | Renesans |
| źródło hasła | DBN |
| 9 (RLIN) | 37978 |
| 650 #4 - Hasło przedmiotowe-nazwa pospolita | |
| nazwa pospolita lub geogr. | Renesans |
| określnik geograficzny | Włochy. |
| źródło hasła | kaba |
| 9 (RLIN) | 3179 |
| 651 #7 - Hasło przedmiotowe-nazwa geogr. | |
| nazwa geograficzna | Włochy |
| źródło hasła | DBN |
| 9 (RLIN) | 37698 |
| 655 #7 - Termin określający rodzaj/formę | |
| rodzaj/forma | Dramat francuski |
| określnik chronologiczny | 19 w. |
| źródło terminu | kaba |
| 9 (RLIN) | 37980 |
| 658 ## - Nazwa określająca cel programu nauczania | |
| główny cel programu nauczania | Historia |
| 658 ## - Nazwa określająca cel programu nauczania | |
| główny cel programu nauczania | Kultura i sztuka |
| 658 ## - Nazwa określająca cel programu nauczania | |
| główny cel programu nauczania | Literaturoznawstwo |
| 710 2# - Hasło dodatkowe - nazwa ciała zbior. | |
| nazwa ciała zbior. lub nazwa geogr. | Editions Plon. |
| kod rodzaju współpracy | pbl |
| 9 (RLIN) | 3751 |
| 942 ## - ADDED ENTRY ELEMENTS (KOHA) | |
| Source of classification or shelving scheme | Dewey Decimal Classification |
| Koha item type | pozycje dostępne na miejscu |
| Status wycofania | Status zagubienia | Klasyfikacja | Status uszkodzenia | Blokada wypożyczeń | Kolekcja | Lokalizacja macierzysta | Lokalizacja bieżąca | Data nabycia | Numer akcesji | Źródło akcesji | Nr inwentarzowy | il. wypożyczeń | Sygnatura | Kod kreskowy | Date last seen | Price effective from | Typ egz. |
|---|---|---|---|---|---|---|---|---|---|---|---|---|---|---|---|---|---|
| Dewey Decimal Classification | nieuszkodzona | Pracownia Badań Księgozbiorów Historycznych | Biblioteka Instytutu Północnego w Olsztynie | Pracownia Badań Księgozbiorów Historycznych | 12/03/2026 | W-218/1969 | wymiana | 12922 | 12922 | IPWK16529 | 12/03/2026 | 12/03/2026 | pozycje dostępne na miejscu |